Statistics for Countries that eat the most biscuits (cookies)

Click here to take the quiz!

General Stats

  • This quiz has been taken 9 times
  • The average score is 5 of 9

Answer Stats

Biscuit consumption per capita in KilogramsCountry% Correct
13.6UK
100%
10.5Italy
89%
7.6France
89%
5Germany
78%
3.8Poland
67%
4.7Hungary
44%
5.5Slovakia
33%
3.4Romania
33%
5.5Czech Republic
11%

Score Distribution

Percentile by Number Answered

Percent of People with Each Score

Your Score History

You have not taken this quiz